Report on the water resources of Connecticut, (Record no. 26834)
[ view plain ]
| 000 -LEADER | |
|---|---|
| fixed length control field | 00706cam a22002051 4500 |
| 001 - CONTROL NUMBER | |
| control field | gs 30000313 |
| 003 - CONTROL NUMBER IDENTIFIER | |
| control field | DLC |
| 005 - DATE AND TIME OF LATEST TRANSACTION | |
| control field | 20260227111335.0 |
| 008 - FIXED-LENGTH DATA ELEMENTS--GENERAL INFORMATION | |
| fixed length control field | 800627s1930 ctu 000 0 eng c |
| 010 ## - LIBRARY OF CONGRESS CONTROL NUMBER | |
| LC control number | gs 30000313 |
| 035 ## - SYSTEM CONTROL NUMBER | |
| System control number | (OCoLC)6467396 |
| 040 ## - CATALOGING SOURCE | |
| Original cataloging agency | Library, U.S. Geological Survey |
| Transcribing agency | Vi |
| Modifying agency | DLC |
| 042 ## - AUTHENTICATION CODE | |
| Authentication code | premarc |
| 050 00 - LIBRARY OF CONGRESS CALL NUMBER | |
| Classification number | TD224.C8 |
| Item number | A5 1930 |
| 110 1# - MAIN ENTRY--CORPORATE NAME | |
| Corporate name or jurisdiction name as entry element | Connecticut. |
| Subordinate unit | State Water Commission. |
| 245 10 - TITLE STATEMENT | |
| Title | Report on the water resources of Connecticut, |
| Statement of responsibility, etc. | by State Water Commission, pursuant to Special act 427, chapter 413, 1929 ... |
| 260 ## - PUBLICATION, DISTRIBUTION, ETC. | |
| Place of publication, distribution, etc. | Hartford, |
| Name of publisher, distributor, etc. | Printed by the State Water Commission, |
| Date of publication, distribution, etc. | 1930. |
| 300 ## - PHYSICAL DESCRIPTION | |
| Extent | 54 p. |
| Other physical details | fold. map. |
| Dimensions | 23 cm. |
| 650 #0 - SUBJECT ADDED ENTRY--TOPICAL TERM | |
| Topical term or geographic name entry element | Water-supply |
| Geographic subdivision | Connecticut. |
No items available.